Normal view MARC view
  • Taracena Quevedo, Alfonso,

Entry Nombre Personal

Number of records used in: 8

001 - NUMERO DE CONTROL

  • campo de control: 40262

003 - IDENTIFICADOR DE NUMERO DE CONTROL

  • campo de control: UPN

005 - FECHA Y HORA DE LA ÜLTIMA TRANSACCIÓN

  • campo de control: 20240425163338.0

008 - DATOS DE LONGITUD FIJA

  • campo de control de longitud fija: 240425n||acnnnaabn a aaa |d

035 ## - NUMERO DE CONTROL

  • Número de control: UPN11000012369

040 ## - FUENTE DE CATALOGACIÓN

  • Lenguaje de catalogación: spa
  • Agencia de transcripción: MX-MxUPN
  • Agencia original de catalogación: MX-MxUPN

100 1# - ENCABEZAMIENTO - NOMBRE PERSONAL

  • Nombre personal: Taracena Quevedo, Alfonso,
  • Fechas asociadas con el nombre: 1896-1995

400 1# - VEÁSE - NOMBRE DE PERSONA

  • Personal name: Taracena, Alfonso,
  • Dates associated with a name: 1896-1995

670 ## - FUENTE EN LA QUE SE LOCALIZARON DATOS

  • Cita de la fuente: T
  • Información localizada: Wikipedia

680 ## - NOTA PUBLICA DE ACCESO PÚBLICO

  • Frase explicativa de la referencia: Historiador y periodista mexicano

902 ## - CATALOGADOR

  • Catalogador: MMA/120617